000 00600nam a22001337a 4500
040 _cRUA
082 _aAVM CHA 2012 B100 Or.1
100 _aCHANN, NY.
245 _aEpidemiology study on Newcastle disease in teck chhou district, kampot province, សិក្សាពីកម្រិតរាលដាល នៃជំងឺញ៉ូកាស ក្នុងស្រុកទឹកឈូ ខេត្តកំពត.
260 _aphnom phen
_bRUA
_c2012
300 _aXII.
_bILL.
_c29CM.
856 _uhttps://drive.google.com/file/d/1Z6VYWUfBHlrvXuIVC8QN4zU2-XivgJB2/view?usp=sharing
942 _cAVM
999 _c2510
_d2510